000 00468cam a22001934a 4500
005 20250605164321.0
008 250528s ||||||||||||||||||||||||d
035 _a22920
020 _a9780273646815
040 _aGR-AtMCL
_bgre
_dGR-AtMCL
_eAACR2
245 1 _aPRINCIPLES OF DIRECT AND DATABASE MARKETING
250 _a2
260 _bPrentice Hall,
_c2000
300 _a435
700 1 _aTapp Alan
_92034
942 _cBK
999 _c7963
_d7963